Sveriges motståndare i fotbolls-VM - Statistics

General Stats
  • This quiz has been taken 272 times
    179 since last reset
  • The average score is 18 of 30
Answer Stats
# Lag % Correct
5 Tyskland / Västtyskland
96%
7 Brasilien
93%
3 England
89%
2 Argentina
86%
2 Spanien
84%
2 Italien
81%
1 Ryssland
80%
2 Mexiko
77%
1 Sydkorea
74%
1 Schweiz
72%
1 Polen
71%
1 Nederländerna
65%
1 Rumänien
65%
3 Uruguay
63%
2 Bulgarien
62%
2 Österrike
58%
2 Paraguay
57%
1 Nigeria
52%
2 Ungern
52%
1 Senegal
49%
1 Kamerun
45%
1 Jugoslavien
43%
1 Skottland
43%
1 Saudiarabien
40%
1 Trinidad och Tobago
37%
1 Costa Rica
36%
1 Sovjetunionen
34%
1 Wales
33%
1 Kuba
19%
1 Israel
12%
No matching quizzes found
Score Distribution
Percent of People with Each Score
Percentile by Number Answered
Your Score History
You have not taken this quiz since the last reset